Notes on the second epistle of Paul the apostle to the Corinthians with a new translation. (Record no. 5749)

000 -LEADER
fixed length control field 00651nam a2200181 a 4500
001 - CONTROL NUMBER
control field :::00003491$&:&@@
003 - CONTROL NUMBER IDENTIFIER
control field OkBaRHE
005 - DATE AND TIME OF LATEST TRANSACTION
control field 20000607103306.0
008 - FIXED-LENGTH DATA ELEMENTS--GENERAL INFORMATION
fixed length control field s1975 j 000 0 eng u
040 ## - CATALOGING SOURCE
Transcribing agency
100 1# - MAIN ENTRY--PERSONAL NAME
Personal name Kelly, William.
245 10 - TITLE STATEMENT
Title Notes on the second epistle of Paul the apostle to the Corinthians with a new translation.
260 ## - PUBLICATION, DISTRIBUTION, ETC. (IMPRINT)
Place of publication, distribution, etc Oak Park, IL., :
Name of publisher, distributor, etc Bible Truth Publishers
Date of publication, distribution, etc c1975
300 ## - PHYSICAL DESCRIPTION
Extent 249 p. ;
Dimensions 17 cm.
650 ## - SUBJECT ADDED ENTRY--TOPICAL TERM
Topical term or geographic name as entry element Bible New Testament Corinthians
General subdivision Criticism, Interpretation, etc.
942 ## - ADDED ENTRY ELEMENTS (KOHA)
Source of classification or shelving scheme
Koha item type Books
Copies
Price effective from Koha item type Date acquired Not for loan Full call number Damaged status Withdrawn status Barcode Date last seen Source of classification or shelving scheme Copy number Lost status Shelving location Permanent Location
2010-04-14Books2010-04-14 BS 2675 .K3883  34912018-04-03 1 General StacksRHEMA Bible Training College